Eothen. (Record no. 214169)
[ view plain ]
| 000 -LEADER | |
|---|---|
| fixed length control field | 00368nam a2200157Ia 4500 |
| 008 - FIXED-LENGTH DATA ELEMENTS--GENERAL INFORMATION | |
| fixed length control field | 210719s9999 xx 000 0 und d |
| 041 ## - LANGUAGE CODE | |
| Language code of text/sound track or separate title | eng |
| 082 ## - DEWEY DECIMAL CLASSIFICATION NUMBER | |
| Classification number | 915.6904 KINE |
| 100 ## - MAIN ENTRY--PERSONAL NAME | |
| Personal name | KINGLAKE (A W) |
| 245 ## - TITLE STATEMENT | |
| Title | Eothen. |
| 260 ## - PUBLICATION, DISTRIBUTION, ETC. | |
| Place of publication, distribution, etc. | Edinburgh |
| Name of publisher, distributor, etc. | William Blackwood and Sons |
| 300 ## - PHYSICAL DESCRIPTION | |
| Extent | xxviii,370 |
| Other physical details | HB |
| 365 ## - TRADE PRICE | |
| Currency code | Rs |
| 650 ## - SUBJECT ADDED ENTRY--TOPICAL TERM | |
| Topical term or geographic name entry element | Travel |
| 906 ## - LOCAL DATA ELEMENT F, LDF (RLIN) | |
| a | Holy Hand |
| Withdrawn status | Lost status | Damaged status | Not for loan | Collection code | Home library | Current library | Date acquired | Total Checkouts | Full call number | Barcode | Date last seen | Price effective from | Koha item type |
|---|---|---|---|---|---|---|---|---|---|---|---|---|---|
| Rare Book | St Aloysius Library | St Aloysius Library | 11/28/2006 | 915.6904 KINE | D02780 | 07/19/2021 | 07/19/2021 | Donated Books |